000 00258nam a22001217a 4500
008 180111b xxu||||| |||| 00| 0 eng d
041 _aeng
080 _a37
100 _a46
101 _aEDU
245 _aThe working week
_cDelstree,A.W
942 _2udc
_cBK
999 _c40096
_d40096